| 000 | 03068nam0a2200565 4500 | ||
|---|---|---|---|
| 001 | RU\NLR\bibl\1673973 | ||
| 005 | 20260408193937.0 | ||
| 010 |
_a978-5-94476-197-2 _9220 |
||
| 021 |
_aRU _b2010-57368 _93759 |
||
| 035 | _a(NLR Aleph) 001665216 | ||
| 035 | _a(nilc)LIBNET\0000064318 | ||
| 035 | _a1VIL\RUSMED\0000175655 | ||
| 035 | _aRSL-KNO-004711681 | ||
| 090 |
_a1006742 _c1006742 |
||
| 100 | _a20100902d2009 u y0rusy50 ca | ||
| 101 | 0 | _arus | |
| 102 | _aRU | ||
| 105 | _ay ||||||||| | ||
| 200 | 1 |
_aОсновы когнитивно-поведенческой психотерапии депрессии _eучебное пособие _e[для послевузовского профессионального образования врачей, обучающихся по специальности "Общая врачебная практика (семейная медицина)" (040110)] _fА. Л. Сериков, С. А. Рожков _gГос. образоват. учреждение высш. проф. образования "Сиб. гос. мед. ун-т Федер. агентства по здравоохранению и соц. развитию" |
|
| 210 |
_aТомск _cПечат. мануфактура _d2009 |
||
| 215 |
_a47 с. _cил. _d21 |
||
| 225 | 1 |
_aПриоритетные национальные проекты _iЗдоровье |
|
| 320 | _aБиблиогр.: с. 46 (12 назв.) | ||
| 606 | 1 |
_aДЕПРЕССИВНЫЕ РАССТРОЙСТВА _xтерапия _jметод рекомендации _2rus_mesh _3R3970-24.1 |
|
| 606 | 1 |
_aDEPRESSIVE DISORDER _xtherapy _2rus_mesh _3E3970-24.1 |
|
| 606 | 1 |
_aКОГНИТИВНАЯ ТЕРАПИЯ _xметоды _jметод рекомендации _2rus_mesh _3R28787-5.1 |
|
| 606 | 1 |
_aCOGNITIVE THERAPY _xmethods _2rus_mesh _3E28787-5.1 |
|
| 606 |
_aДепрессия (психиатр.) _xКогнитивная терапия _jУчебные издания для последипломного образования _3RU\NLR\auth\661347448 _92246019 |
||
| 610 | 0 | _aдепрессивные расстройства | |
| 610 | 0 | _aкогнитивно-поведенческая психотерапия депрессий | |
| 675 |
_a616.89-008.441-085.851(072) _vudc |
||
| 686 |
_a76.29.52 _2rugasnti |
||
| 686 |
_a76.01.33 _2rugasnti |
||
| 686 |
_aF03.600.300 - терапия _v2010 _2MESH |
||
| 686 |
_aF03.600.300 - therapy _v2010 _2MESH |
||
| 686 |
_aF04.754.137.428 - методы _v2010 _2MESH |
||
| 686 |
_aF04.754.137.428 - methods _v2010 _2MESH |
||
| 686 |
_aР64-324я73-1 _2rubbk |
||
| 686 | _aР64-323.13-57я77 | ||
| 700 | 1 |
_aСериков _bА. Л. _gАндрей Леонидович _4070 |
|
| 701 | 1 |
_aРожков _bС. А. _gСергей Александрович _4070 |
|
| 801 | 0 |
_aRU _bЦНМБ _c20100902 _gPSBO |
|
| 801 | 1 |
_aRU _bЦНМБ _c20100902 |
|
| 801 | 2 |
_aRU _bЦНМБ _c20100916 |
|
| 801 | 2 |
_aRU _bРГБ _c20100726 |
|
| 801 | 2 |
_aRU _bNLR _c20100914 _grcr |
|
| 942 | _cBOOK | ||
| 980 | _aNB | ||
| 980 | _aNBR | ||